书目信息 |
| 题名: |
实用临床护理规范
|
|
| 作者: | 王海媛 主编 | |
| 分册: | ||
| 出版信息: | 长春 吉林科学技术出版社 2019.08 |
|
| 页数: | 207页 | |
| 开本: | 26cm | |
| 丛书名: | ||
| 单 册: | ||
| 中图分类: | R472-65 | |
| 科图分类: | ||
| 主题词: | 护理--hu li--技术操作规程 | |
| 电子资源: | ||
| ISBN: | 978-7-5578-6025-7 | |
| 000 | 01032nam0 2200253 450 | |
| 001 | CAL 0120203113214 | |
| 005 | 20230217093111.0 | |
| 010 | @a978-7-5578-6025-7@dCNY98.00 | |
| 100 | @a20201120d2019 em y0chiy0120 ea | |
| 101 | 0 | @achi |
| 102 | @aCN@b220000 | |
| 105 | @aa a 000yy | |
| 106 | @ar | |
| 200 | 1 | @a实用临床护理规范@Ashi yong lin chuang hu li gui fan@f主编王海媛 ... [等] |
| 210 | @a长春@c吉林科学技术出版社@d2019.08 | |
| 215 | @a207页@c图@d26cm | |
| 304 | @a题名页题其余责任者: 刘霞, 王媛媛, 马清华, 李明磊, 宋晓丽等 | |
| 320 | @a有书目 (第207页) | |
| 330 | @a本书按照疾病的概念或概述、病因与发病机制、临床表现、辅助检查、治疗要点和护理措施的体例进行编写, 介绍了内外科常见疾病的特点和护理, 内容包括: 围术期患者的护理、麻醉患者的护理、损伤患者的护理、骨科疾病患者的护理、心胸外科疾病患者的护理、神经外科疾病患者的护理等十一章。 | |
| 606 | 0 | @a护理@Ahu li@x技术操作规程 |
| 690 | @aR472-65@v5 | |
| 701 | 0 | @a王海媛@Awang hai yuan@4主编 |
| 801 | 0 | @aCN@bBJXHZP@c20230228 |
| 905 | @b1385483-6@dR472-65@e170@f4 | |
| 实用临床护理规范/主编王海媛 ... [等].-长春:吉林科学技术出版社,2019.08 |
| 207页:图;26cm |
| ISBN 978-7-5578-6025-7:CNY98.00 |
| 本书按照疾病的概念或概述、病因与发病机制、临床表现、辅助检查、治疗要点和护理措施的体例进行编写, 介绍了内外科常见疾病的特点和护理, 内容包括: 围术期患者的护理、麻醉患者的护理、损伤患者的护理、骨科疾病患者的护理、心胸外科疾病患者的护理、神经外科疾病患者的护理等十一章。 |
| ● |
| 相关链接 |
|
|
|
|
正题名:实用临床护理规范
索取号:R472-65/170
 
预约/预借
| 序号 | 登录号 | 条形码 | 馆藏地/架位号 | 状态 | 备注 |
| 1 | 1385483 | 213854836 | 第二样本阅览室/ [索取号:R472-65/170] | 在馆 | |
| 2 | 1385484 | 213854845 | 第三借阅区/ [索取号:R472-65/170] | 在馆 | |
| 3 | 1385485 | 213854854 | 第三借阅区/ [索取号:R472-65/170] | 在馆 | |
| 4 | 1385486 | 213854863 | 第三借阅区/ [索取号:R472-65/170] | 在馆 |